Modern control system theory and design / (Record no. 11989)

000 -LEADER
fixed length control field 00417nam a2200145 4500
008 - FIXED-LENGTH DATA ELEMENTS--GENERAL INFORMATION
fixed length control field 210115b ||||| |||| 00| 0 eng d
082 00 - DEWEY DECIMAL CLASSIFICATION NUMBER
Classification number 629.4
Item number S5568
100 ## - MAIN ENTRY--PERSONAL NAME
9 (RLIN) 4253
Personal name Shinners, Stanley M.
245 10 - TITLE STATEMENT
Title Modern control system theory and design /
250 ## - EDITION STATEMENT
Edition statement 1st ed.
260 ## - PUBLICATION, DISTRIBUTION, ETC. (IMPRINT)
Place of publication, distribution, etc New York:
Name of publisher, distributor, etc John wiley,
Date of publication, distribution, etc 1992.
300 ## - PHYSICAL DESCRIPTION
Extent xvi, 855 p.
650 #0 - SUBJECT ADDED ENTRY--TOPICAL TERM
Topical term or geographic name as entry element Control Theory
942 ## - ADDED ENTRY ELEMENTS (KOHA)
Source of classification or shelving scheme
Item type Books
Holdings
Withdrawn status Lost status Source of classification or shelving scheme Damaged status Not for loan Permanent location Current location Date acquired Full call number Barcode Date last seen Koha item type
          IMU Kolkata IMU Kolkata 2021-01-15 629.4 S5568 08495 2021-01-15 Books
Designed and Maintained by IMU-KC Library, Kolkata Campus © Copyright All Rights Reserved

webs counters

Powered by Koha